LEADER 01073nam 2200361 450 001 9910821296903321 005 20230823002211.0 010 $a9948-25-086-9 035 $a(CKB)4100000011690228 035 $a(MiAaPQ)EBC6434603 035 $a(EXLCZ)994100000011690228 100 $a20210317d2020 uy 0 101 0 $aeng 135 $aurcnu|||||||| 181 $ctxt$2rdacontent 182 $cc$2rdamedia 183 $acr$2rdacarrier 200 10$aAnti-corrosive treatment for concrete surfaces /$fChirag K. Baxi 210 1$a[Place of publication not identified] :$cAustin Macauley Publishers,$d[2020] 210 4$dİ2020 215 $a1 online resource (51 pages) 311 $a9948-25-085-0 606 $aCorrosion and anti-corrosives 615 0$aCorrosion and anti-corrosives. 676 $a620.11223 700 $aBaxi$b Chirag K.$01699122 801 0$bMiAaPQ 801 1$bMiAaPQ 801 2$bMiAaPQ 906 $aBOOK 912 $a9910821296903321 996 $aAnti-corrosive treatment for concrete surfaces$94081112 997 $aUNINA LEADER 01000nam0-22003251i-450 001 990008046730403321 005 20260324100756.0 035 $a000804673 035 $aFED01000804673 035 $a(Aleph)000804673FED01 035 $a000804673 100 $a20050413d1985----km-y0itay50------ba 101 0 $aita 102 $aIT 105 $ay-------001yy 200 1 $aAcque fluviali e bonifica nella pianura di Foligno durante il 18. secolo$fFrancesco Guarino$gpresentazione di Alberto Grohmann 210 $aFoligno$cEdiclio Foligno$d1985 215 $aXIII, 156 p.$d22 cm 676 $a945.65 700 1$aGuarino,$bFrancesco$0118742 702 1$aGrohmann,$bAlberto$f<1941- > 801 0$aIT$bUNINA$gRICA$2UNIMARC 901 $aBK 912 $a990008046730403321 952 $a945.65 GUAF 01$fFLFBC 952 $aN5.258$b10662$fDECTS 959 $aDECTS 959 $aFLFBC 996 $aAcque fluviali e bonifica nella pianura di Foligno durante il 18. secolo$9752968 997 $aUNINA